000 00670nam a2200253Ia 4500
003 OSt
005 20220912151228.0
006 a|||||r|||| 00| 0
007 ta
008 220909b |||||||| |||| 00| 0 eng d
024 _a50402
037 _cTextual
040 _aCSL
_beng
_cCSL
041 _aeng
082 _aI23:11, K11
100 _aGuba Emil Frederick
245 0 _aMonograph of monochaetia and pertalotia
260 _aCambridge
_bHarvard University Press
_c1961
300 _avii, 342p.
_ccm. illus.
650 _a Fungi
650 _aBotany
942 _hI23:11, K11
_cTEXL
_2CC
999 _c64081
_d64081